| 000 | 01306nac a22002771i 4500 | ||
|---|---|---|---|
| 003 | EG-ScBUE | ||
| 005 | 20231219141116.0 | ||
| 008 | 121216s1948 ua a f b 000 0 ara d | ||
| 017 | _a3000 / 1948 / 123 | ||
| 040 |
_aEG-ScBUE _bara _erda _cEG-ScBUE _dEG-ScBUE |
||
| 043 | _af-ua--- | ||
| 082 | 0 | 4 |
_a962.03 _2ج م ع _b22 |
| 110 | 2 |
_aالجمعية الملكية للدراسات التاريخية، _eمؤلف. _931722 |
|
| 245 | 1 | 0 |
_aذكرى البطل الفاتح إبراهيم باشا 1848-1948 : _bمجموعة أبحاث ودراسات لتاريخه / _cالجمعية الملكية للدراسات التاريخية. |
| 264 | 1 |
_aالقاهرة : _bمطبعة دار الكتب المصرية، _c1948. |
|
| 300 |
_a405 صفحة : _bإيضاحيات ؛ _c24 سم |
||
| 336 |
_2rdacontent _aنص _btxt |
||
| 337 |
_aبدون وسيط _2rdamedia _bn |
||
| 338 |
_aمجلد _bnc _2rdacarrier |
||
| 504 | _aيشتمل على إرجاعات ببليوجرافية. | ||
| 600 | 1 | 7 |
_2BUEsh _aإبراهيم، باشا، _d1789-1848. |
| 651 | 7 |
_aمصر _xتاريخ _yالعصر الحديث _yإبراهيم باشا (1848-1848 م.). _2BUEsh |
|
| 651 | 7 |
_aمصر _xتاريخ _yالعصر الحديث _yعصر محمد علي (1805-1849). _2BUEsh |
|
| 655 | _vReading book | ||
| 942 |
_cBB _2ddc |
||
| 999 |
_c7008 _d7008 |
||